| 000 | 01288cam a22002531a 4500 | ||
|---|---|---|---|
| 001 | e 42000358 | ||
| 003 | DLC | ||
| 005 | 20260227111231.0 | ||
| 008 | 850211s1942 dcu b f000 0 eng | ||
| 010 | _ae 42000358 | ||
| 035 | _a(OCoLC)11683392 | ||
| 040 |
_aDLC _cNWM _dNWM _dOCoLC _dDLC |
||
| 042 | _apremarc | ||
| 050 | 0 | 0 |
_aLC1045 _b.A27 no. 9 |
| 100 | 1 | _aZeran, Franklin R. | |
| 245 | 1 | 0 |
_aOpportunities in the United States Merchant Marine / _cFederal Security Agency, U. S. Office of Education. |
| 260 |
_aWashington, [D.C.] : _bU.S. Govt. Print. Off., _c1942. |
||
| 300 |
_a15 p. ; _c23 cm. |
||
| 490 | 0 |
_aVocational Division leaflet / United States. Office of Education ; _vno. 9. |
|
| 500 | _a"By Franklin R. Zeran, specialist, Occupational Information and Guidance" : p.1. | ||
| 500 | _a"References": p. 15. | ||
| 501 |
_aCopy 2 with : School lunches and education, 1942 -- Negro farm families can feed themselves, 1942 -- Professional nurses are needed, 1942 -- Family saving and spending in wartime, 1943 -- Vocational training problems when the war ends, 1943 --Professional nurses are needed, 1944 -- Teachers are needed, 1944. Washington, D.C. : U.S. Govt. Print. Off. Bound together subsequent to publication. _5DLC |
||
| 650 | 0 |
_aMerchant marine _zUnited States. |
|
| 999 |
_c21900 _d21900 |
||